Quizzes
Events
Quiz Creation
Community
Videos
Private Events
Remove Ads
Sign In
Join for FREE
Feedback
Dark Mode
Quiz Categories
Sports
Geography
Music
Movies
Television
Just For Fun
Miscellaneous
History
Literature
Language
Science
Gaming
Entertainment
Religion
Holiday
For Kids
Quiz Lab
Recent
Popular Today
Quiz Kudos Today
Editor Picks
Curator Picks
Quizzes by...
Day
Popularity
Type
Ratings
Length
Year
Community
Subscriptions
Recent Discussions
Orange Saloon
Badges
Playlists
Quests
Create
Leaderboards
Showdown
Live 5
Trivia Bingo
Activity
Puzzle Library
Sporcle Events
Private Events
Virtual Trivia
Globe League
Become a Host
Pub Owners
SporcleCon
Opinionation
Our Games
Videos
Blog
Mobile Apps
Partnerships
Remove Ads and Go Orange
Feedback
Sports
Athletes
MLB
NBA
NHL
NFL
Soccer
Sports Teams
WWE
NCAA
Football
Premier League
Basketball
Baseball
Hockey
Golf
Tennis
Cricket
Rugby
Auto Racing
Olympics
World Cup
Sports
Athletes
MLB
NBA
NHL
NFL
Soccer
Sports Teams
WWE
NCAA
Football
Premier League
Basketball
Baseball
Hockey
Golf
Tennis
Cricket
Rugby
Auto Racing
Olympics
World Cup
Random Quiz
Search Sporcle
×
Quiz Lab
Quiz Lab
Sports
Football
Type in answers that appear in a list
Type in answers that appear in a list
Classic
Best Score? Go Orange.
All Time English Top Flight Clubs Stats
Can you name the All Time Top Flight English Football Clubs?
By
betterthanjosh
10m
64 Questions
823 Plays
823 Plays
823 Plays
Comments
Comments
Give Quiz Kudos
Give Quiz Kudos
-
- Ratings
hide this ad
Replay
Link that replays current quiz
Next Quiz
Link to next quiz in quiz playlist
You Got
0%
They Got
Avg Score
83%
Avg Friend Score
Upgrade to see
Score Distribution
Jump to the score distribution portion of the page
Score
0/64
Timer
10:00
0
Plays Today
Years
Team
% Correct
87
Manchester United
99%
95
Arsenal
98.8%
109
Everton
98.1%
97
Liverpool
97.8%
83
Manchester City
97.6%
101
Aston Villa
97.4%
77
Tottenham Hotspur
97.2%
77
Chelsea
96.5%
81
Sunderland
95.7%
81
Newcastle United
95.6%
50
Leeds United
93.7%
54
West Ham United
93.3%
72
Blackburn Rovers
92.8%
35
Southampton
92.7%
74
West Bromwich Albion
92.6%
56
Nottingham Forest
91.7%
57
Birmingham City
91.3%
73
Bolton Wanderers
91%
60
Sheffield United
91%
63
Wolverhampton Wanderers
90.9%
22
Norwich City
90.9%
66
Sheffield Wednesday
90.8%
60
Middlesbrough
90.5%
33
Portsmouth
90.4%
23
Fulham
90.4%
3
Swansea City
89.8%
46
Leicester City
89.4%
26
Ipswich Town
89.4%
15
Cardiff City
89.1%
65
Derby County
88.7%
56
Stoke City
88.7%
28
Blackpool
88.3%
Years
Team
% Correct
21
Queens Park Rangers
87.7%
52
Burnley
86.4%
13
Crystal Palace
85.4%
26
Charlton Athletic
84.8%
14
Wimbledon
84.8%
2
Hull City
84.8%
7
Wigan Athletic
83.4%
34
Coventry City
83.2%
30
Notts County
83.1%
46
Preston North End
82.6%
8
Watford
82.6%
4
Brighton & Hove Albion
82.3%
30
Huddersfield Town
81.3%
2
Reading
81%
1
Barnsley
79.6%
1
Swindon Town
79.1%
9
Bristol City
78.9%
12
Oldham Athletic
78%
2
Millwall
76.9%
16
Luton Town
75.8%
12
Bradford City
71.7%
3
Oxford United
67.7%
5
Brentford
66.3%
1
Carlisle United
65%
22
Bury
63.7%
1
Leyton Orient
61.5%
1
Northampton Town
58.7%
12
Grimsby Town
57.8%
5
Accrington
57.4%
3
Bradford Park Avenue
52.6%
1
Glossop North End
43.3%
2
Darwen
40.5%
Quiz Playlist
Details
Report
Send in Message
Add To Playlist
Classic:
Type in answers that appear in a list
Last Updated: Feb 16, 2017
Quiz Scoreboard
CHALLENGE
Sign Up to Join the Scoreboard
Show All
Scores
Hide
Comments
May contain spoilers
Recently Published
9x9 Crossword: Cartoon Network
by jackfrog10
Miscellaneous
3m
College Basketball Coaching Resumes
by pancakes188
Sports
9m
Billboard Blitz: Fleetwood Mac
by CooCooCachoo
Music
15s
More to Explore
Quiz From the Vault
Featured Blog Post
Where Did the Easter Bunny Come From?
hide this ad
You Might Also Like...
Tags
Football Quiz
Premier League Quiz
Soccer Quiz
England
English
Football Clubs
Football League
season
Top Flight
Today's Top Quizzes in Sports
Browse Sports
hide this ad
Today's Top Quizzes in Football
Browse Football
Top Contributed Quizzes in Sports
1
2022 World Cup Stars
2
Les meilleurs buteurs des matchs entre le PSG et l’OM
3
FIFA Club World Cup Champions
4
Les entraîneurs de l'OM et du PSG au 21e siècle
5
Criteria MLB: Left Handed Sluggers
6
AFC Teams Reveal (Wrong Answers Minefield)
7
2023 MLB Unique Player Accomplishments
8
Players with Multiple 50 Home Run Seasons
9
5-to-1: FBS Animal Nicknames
10
5-to-1: UK Sports Teams
Explore More
Trending Topics
Kpop
NBA
Marvel
Anime
Disney
Crossword
Harry Potter
Puzzle
WWE
Song
Pokémon
NFL
The Office
Soccer
Country
hide this ad
More By:
betterthanjosh
Quiz
Plays
Rating
Category
Featured
Created
All Time English Top Flight Clubs
823
4.33
Sports
May 11, 2011
Football Commentaries
110
3.67
Sports
May 15, 2011
Go to Creator's Profile
Score Distribution
Quiz Creator Spotlight
betterthanjosh
Follow
Send a Message
Quizzes Created
-
Created Quiz Play Count
-
More By This Creator
Popular Quizzes Today
1
Find the US States - No Outlines Minefield
2
Find the Countries of Europe - No Outlines Minefield
3
The Countries of the World
4
Find the US States
5
Risky Map Clicking: Biggest States A-Z
6
US States
7
Popular People in 1961
8
Movies - When Are They Set?
More Sports Quizzes
UEFA Champions League Winners - O
Quiz Lab
Trending Quizzes
Risky Map Clicking: Least Populous States A-Z
1-10 Letter G Words
1-10 Letter F Words
Risky Map Clicking: Next State Alphabetically
Adjectives in 80s TV Shows
Recently Updated
Leaping Animals
pecheneg
Reality TV Shows (A-Z)
bhenderson79
Rickey Henderson's Hall of Fame Teammates
pecheneg
Champions League XIs: Arsenal
pecheneg
Quick Pick: Celebrities in WWE's Hall of Fame
aduchscher
A-Z Keypad Blitz II
pecheneg
Multiple Oscar Actors
pecheneg
Mystery Phrase Blitz: Oscar 'Best Actors'
pecheneg
F. Scott Fitzgerald Novels
LTH
Pick 3 Villains
ddd62291
Trending Topics
Marvel
NBA
Disney
Crossword
Harry Potter
Anime
Kpop
Country
Song
NFL
Puzzle
Pokémon
Soccer
The Office
WWE
Your Account Isn't Verified!
In order to create a playlist on Sporcle, you need to verify the email address you used during registration. Go to your
Sporcle Settings
to finish the process.
Report this User
Report this user for behavior that violates our
Community Guidelines
.
Details:
Send Report
Go to the Sporcle.com Mobile Site →
Comments